| 000 | 00620nam a2200181 a 4500 | ||
|---|---|---|---|
| 001 | 000039652 | ||
| 005 | 20201002033648.0 | ||
| 008 | 130715s2007 uy 000 0 spa d | ||
| 020 | _a9789974550322 | ||
| 040 |
_aDO-SdBNP _bspa _cBNPHU |
||
| 082 | _axxx | ||
| 100 | 1 |
_aRemedi, Gustavo _965840 |
|
| 245 | 1 | 4 |
_aLos demonios de Ariel : _bFuentes del imaginario popular uruguayo en la primera mitad del siglo xx / _cGustavo Remedi. |
| 260 |
_aMontevideo, Uruguay : _bEdiciones Biblioteca Nacional, _c2007. |
||
| 300 |
_a57 p. ; _c24 cm. |
||
| 490 | 1 |
_aCuadernos de literatura _v3 |
|
| 830 | 0 |
_aCuadernos de literatura _v3 _965841 |
|
| 999 |
_c39142 _d39142 |
||